| 000 | 00522nam a22001577a 4500 | ||
|---|---|---|---|
| 008 | 160414b xxu||||| |||| 00| 0 eng d | ||
| 020 | _a9789719449355 | ||
| 082 |
_22009 _aDFil 336.24 _bB21i |
||
| 100 |
_95536 _aBallada, Susan |
||
| 245 |
_aIncome taxation: _bmade easy/ _cSusan Ballada and Win Ballada. |
||
| 250 | _a2009 issue-10th Edition | ||
| 260 |
_aManila: _bDomDane Publisher, x _cc2009. |
||
| 300 |
_axvi, various paging: _billustrations; _c25 cm. |
||
| 700 |
_95537 _aBallada, Win _eAuthor |
||
| 942 |
_2ddc _cDFIL |
||
| 999 |
_c1746 _d1746 |
||